[Event "Cutro 05th"]
[Site "Cutro"]
[Date "1999.05.01"]
[Round "10"]
[White "Epishin, Vladimir"]
[Black "Krasenkow, Michal"]
[Result "1/2-1/2"]
[WhiteElo "2578"]
[BlackElo "2643"]
[Annotator "Ftacnik,L"]
[PlyCount "53"]
[EventDate "1999.04.??"]
[EventType "tourn"]
[EventRounds "11"]
[EventCountry "ITA"]
[EventCategory "10"]
[SourceTitle "CBM 071"]
[Source "ChessBase"]
[SourceDate "1999.08.01"]
[SourceVersion "1"]
[SourceVersionDate "1999.08.01"]
[SourceQuality "1"]

1. d4 Nf6 2. c4 g6 3. Nc3 d5 4. Nf3 Bg7 5. Qb3 dxc4 6. Qxc4 O-O 7. e4 Bg4 8.
Be3 Nfd7 9. Qb3 c5 10. d5 Na6 11. Be2 Rb8 12. O-O (12. a4 Qa5 13. O-O Qb4 14.
Qc2 f5 15. exf5 Bxf5 16. Qd2 Nf6 17. Rfd1 {1/2-1/2 Sherwin,J-Burger,K/New York/
1954/ (17)}) (12. Bf4 Bxf3 13. Bxf3 Ne5 14. Be2 b5 $1 15. O-O c4 16. Qa3 Rb6
17. Nxb5 Rxb5 18. Qxa6 Rxb2 19. Rae1 Qd6 20. Qxd6 exd6 21. Bxe5 Bxe5 22. Bxc4
Rc8 23. Bb3 Bd4 24. g3 Re8 25. Kg2 {1/2-1/2 Bareev,E-Kasparov,G/Novgorod/1994/
(25)}) 12... b5 13. Qd1 {New move that seems a bit too modest. Black pawn
structure is exposed and especially the knight a6 is vulnerable.} (13. a4 $5
bxa4 14. Qc2 Nb4 15. Qd2 Bxf3 16. Bxf3 Nb6 17. Be2 Bd4 18. Bxd4 cxd4 19. Nb5 d3
20. Bxd3 a5 21. Be2 Qd7 22. Rac1 Rbc8 23. Qd4 Qb7 24. d6 exd6 25. Nxd6 Rcd8 26.
Qxb4 axb4 27. Nxb7 {1-0 Babula,V-Goormachtigh,J/Moscow/1994/ (32)}) (13. Rac1
Qa5 14. a4 Bxf3 15. gxf3 c4 16. Qd1 b4 17. Nb5 Bxb2 18. Rxc4 Nb6 19. Rc2 Nxa4
20. Nxa7 b3 21. Rxb2 Nxb2 22. Qd4 Qa3 23. Nc6 Na4 24. Bxa6 {1-0 Siegler,W-Huss,
R/Hessenliga 9596/1996/ (52)}) 13... Nc7 14. Rc1 a6 15. b3 (15. h3 Bxf3 16.
Bxf3 c4 $11) 15... Ne8 16. Qd2 (16. h3 Bxf3 17. Bxf3 Nd6 18. Qc2 c4 $13) 16...
Nd6 17. e5 Nf5 {In just a few moves the knight from a6 have made quite a
progress, white has to worry about holding balance.} (17... Bxf3 18. exd6 Bxe2
19. dxe7 Qxe7 20. Nxe2 $14) (17... Nb7 $5 18. d6 (18. Ne4 Bxf3 19. Bxf3 Bxe5
$17) 18... Bxf3 19. Bxf3 Bxe5 20. dxe7 Qxe7 21. Rfe1 $15) 18. e6 Bxf3 (18...
fxe6 19. dxe6 Bxf3 20. exd7 $1 $14) 19. exf7+ (19. Bxf3 fxe6 20. dxe6 Ne5 21.
Be4 Qxd2 22. Bxd2 c4 $13) 19... Rxf7 20. Bxf3 Nxe3 21. fxe3 (21. Qxe3 Bd4 22.
Qg5 Qa5 $15) 21... Ne5 22. Ne4 c4 23. h3 $2 {Epishin choses a strange moment
for preparing king's escape route.} (23. Be2 $1 Rxf1+ 24. Rxf1 Rc8 25. bxc4
bxc4 26. d6 $13) 23... Qb6 24. Kh1 (24. Ng5 Bh6 25. h4 Rbf8 $15) (24. Be2 Bh6
$1 25. Rxf7 Bxe3+ $19) 24... Bh6 $1 25. d6 Qxe3 (25... Bxe3 $1 26. Qd5 Bxc1 27.
Qxe5 Bf4 (27... exd6 28. Nf6+ Kg7 29. Ne8+ Kf8 30. Qxd6+ Qxd6 31. Nxd6 Rxf3 32.
Rxf3+ Ke7 33. Ne4 Rd8 $17) 28. Qe6 Kg7 29. Bg4 exd6 30. Ng5 Rbf8 $17) 26. Qd5 (
26. Qxe3 Bxe3 27. Rce1 Bb6 28. bxc4 bxc4 $17) 26... Nxf3 27. Rcd1 {Krasenkow
was propably in some trouble with time, otherwise he would surely have
continued in a surerior position.} (27. Rcd1 Kg7 $1 (27... Qe2 28. dxe7 Kg7 29.
Rf2 Qe3 30. Rxf3 Rxf3 31. Qe5+ $18) 28. Qxf7+ Kxf7 29. Rxf3+ Qxf3 30. gxf3 Rd8
$17) 1/2-1/2

[Event "Linares 11th"]
[Site "Linares"]
[Date "1993.??.??"]
[Round "12"]
[White "Ivanchuk, Vassily"]
[Black "Timman, Jan H"]
[Result "1-0"]
[WhiteElo "2710"]
[BlackElo "2635"]
[Annotator "Ftacnik,L"]
[PlyCount "75"]
[EventDate "1993.02.??"]
[EventType "tourn"]
[EventRounds "13"]
[EventCountry "ESP"]
[EventCategory "18"]
[SourceTitle "CBM 034"]
[Source "ChessBase"]
[SourceDate "1993.06.01"]
[SourceVersion "1"]
[SourceVersionDate "1993.06.01"]
[SourceQuality "1"]

1. d4 Nf6 2. c4 g6 3. Nc3 d5 4. Nf3 Bg7 5. Qb3 dxc4 6. Qxc4 O-O 7. e4 Bg4 8.
Be3 Nfd7 9. Qb3 Nb6 10. Rd1 Nc6 11. d5 Ne5 12. Be2 Nxf3+ 13. gxf3 Bh5 14. Rg1
Qc8 15. Rg3 c6 16. a4 Qc7 $1 17. Qa3 $5 (17. Rc1 Rfc8 $1 (17... Be5 18. a5 (18.
f4 $2 Bxf4 19. Bxf4 Qxf4 20. Bxh5 Qxc1+) 18... Nd7 19. a6 bxa6 (19... Rfb8 20.
Nb5 $1 Qa5+ 21. Bd2 Qxa6 22. Nc7 $16) 20. dxc6 Nf6 (20... Qxc6 $6 21. Nd5 Qe6
22. Rc6 $1 $16) (20... Rab8 21. Qa4 $16 (21. Nd5 $5 Qa5+ 22. Bd2 Qxd2+ 23. Kxd2
Rxb3 24. cxd7 Rb7 $1 25. f4 Bxb2 $1 26. Rc7 Rxc7 27. Nxc7 Rd8 $1 (27... Bxe2 $2
28. Ne8 $1) 28. Bxh5 Rxd7+ 29. Nd5 (29. Kc2 Bg7 $1 30. Ne8 Bh6 $1 $13) 29... e6
30. Kc2 Bg7 31. Bg4 f5 $13)) 21. Qb7 $1) 18. a5 Nd7 19. a6 bxa6 20. Bxa6 Ne5
$132) (17. a5 Nd7 18. Qa3 Ne5 19. Bd4 $13) 17... f5 (17... cxd5 18. Nxd5 Nxd5
19. Rxd5 {/\ Rh5}) 18. dxc6 (18. a5 Nxd5 $1 19. exd5 f4) 18... bxc6 (18... f4
$2 19. Bxb6 axb6 20. Nd5 fxg3 21. Nxc7 gxh2 22. Bc4+ Kh8 23. Ke2 $16) 19. a5
Nc8 $1 (19... Nd5 20. exd5 f4 21. dxc6 $1) (19... f4 20. axb6 axb6 21. Qb3+ Kh8
22. Bxb6 $16) 20. Qc5 $5 (20. exf5 Rxf5 (20... Nd6 $5 21. fxg6 hxg6 $13)) (20.
Bd4 Bxd4 21. Rxd4 Rb8 $10) 20... fxe4 (20... f4 21. Nd5 Qe5 22. Bxf4 Rxf4 23.
Qxc6 $16) 21. Nb5 $1 (21. Nxe4 Rf5 $1 22. Qc4+ Kh8) (21. fxe4 Bxe2 22. Kxe2 (
22. Nxe2 Nd6) 22... Qb7 $1) 21... Qxa5+ 22. b4 Qa4 23. Bd4 $1 (23. Nc7 Nd6 $1
24. Nxa8 Rxa8 $44) 23... Bxf3 $6 (23... cxb5 $1 24. Bxb5 Qxd1+ (24... Qa3 25.
Ra1) 25. Kxd1 Rd8 26. Bc4+ Kf8 27. Bd5 Nb6 28. Bxg7+ Kxg7 29. Qxe7+ Kh6 30.
Qg5+ Kg7 31. Qe5+ Kh6 32. Qf4+ Kg7 33. Qc7+ Kh6 34. Qc1+ Kg7 35. Qc3+ Kh6 36.
Qd2+ Kg7 37. Bxa8 (37. Rg5 Bxf3+ 38. Kc1 Rac8+ $132) 37... Bxf3+ (37... Rxd2+
$2 38. Kxd2 Nxa8 39. fxe4 $16) 38. Rxf3 Rxd2+ 39. Kxd2 exf3 40. Bxf3 $10) 24.
Bxg7 Bxe2 $2 (24... Kxg7 25. Qc3+ Rf6 26. Ra1 cxb5 27. Rxa4 bxa4 $14) 25. Nc3
$1 Qc2 (25... Qa6 26. Bxf8 Bxd1 27. Qe5 Kxf8 28. Qh8+ Kf7 29. Nxd1 $18) 26.
Bxf8 Bxd1 27. Bh6 $1 Nd6 (27... Bf3 28. Qc4+ Kh8 29. Qd4+) 28. Qe5 Nf5 29. Qe6+
Kh8 30. Qe5+ Kg8 31. Qxf5 Qxc3+ 32. Rxc3 gxf5 33. Kxd1 a5 34. Rc5 a4 (34...
axb4 35. Rxf5 $18) 35. Ra5 Rd8+ 36. Bd2 f4 37. Kc2 a3 38. Bxf4 1-0

[Event "Altensteig"]
[Site "Altensteig"]
[Date "1990.??.??"]
[Round "9"]
[White "Mohr, Stefan"]
[Black "Smejkal, Jan"]
[Result "0-1"]
[WhiteElo "2430"]
[BlackElo "2545"]
[Annotator "Ftacnik,L"]
[PlyCount "58"]
[EventDate "1990.07.??"]
[EventType "tourn"]
[EventRounds "11"]
[EventCountry "GER"]
[EventCategory "9"]
[SourceTitle "CBM 020"]
[Source "ChessBase"]
[SourceDate "1991.02.01"]
[SourceVersion "1"]
[SourceVersionDate "1991.02.01"]
[SourceQuality "1"]

1. d4 Nf6 2. c4 g6 3. Nc3 d5 4. Nf3 Bg7 5. Qb3 dxc4 6. Qxc4 O-O 7. e4 Bg4 8.
Be3 Nfd7 9. Qb3 Nb6 10. Rd1 Nc6 11. d5 Ne5 12. Be2 Nxf3+ 13. gxf3 Bh5 14. Rg1
Qd7 15. Rg3 Kh8 $5 {N} (15... c6) (15... f5 16. d6+ Kh8 17. dxc7 Qxc7) 16. Nb5
(16. a4 $5) 16... f5 $1 17. Bd4 (17. exf5 Rxf5 {x d5}) 17... fxe4 18. Bxg7+
Kxg7 19. Nd4 (19. fxe4 Bxe2 20. Kxe2 c5 $22 21. Qc3+ Kg8 22. Qxc5 Rac8 23. Qb4
Rc4) 19... exf3 $1 20. Ne6+ (20. Bxf3 Bxf3 21. Rxf3 Rxf3 22. Qxf3 Qxd5 23. Qxd5
Nxd5 24. Ne6+ Kf6 $19) 20... Kg8 21. Bxf3 Bxf3 22. Rxf3 Rf6 (22... Rxf3 23.
Qxf3 c6 24. Qc3 $18) 23. Nc5 (23. Rxf6 exf6 24. d6 $2 Re8 $19) 23... Qd6 24.
Nxb7 (24. Ne4 Rxf3 25. Qxf3 Qe5 $17) 24... Rxf3 25. Qxf3 Qxh2 26. Qe3 Rf8 27.
Na5 (27. Qe6+ Kh8 28. Rd2 Qg1+ $19) 27... Rf6 28. Nc6 $2 Nc4 29. Qd4 (29. Qe2
Qg1+ 30. Qf1 Qxf1+ 31. Kxf1 Ne3+) 29... Rf4 {Ftacnik,L} (29... Rf4 30. Qc5 Re4+
) 0-1

[Event "Budapest FS04 GM-A"]
[Site "Budapest"]
[Date "2002.04.11"]
[Round "10"]
[White "Horvath, Csaba"]
[Black "Nakamura, Hikaru"]
[Result "1-0"]
[WhiteElo "2539"]
[BlackElo "2466"]
[Annotator "Ftacnik,L"]
[PlyCount "71"]
[EventDate "2002.04.02"]
[EventType "tourn"]
[EventRounds "13"]
[EventCountry "HUN"]
[EventCategory "9"]
[SourceTitle "CBM 089"]
[Source "ChessBase"]
[SourceDate "2002.08.12"]
[SourceVersion "1"]
[SourceVersionDate "2002.08.12"]
[SourceQuality "1"]

1. d4 Nf6 2. c4 g6 3. Nc3 d5 4. Nf3 Bg7 5. Qa4+ Bd7 6. Qb3 dxc4 7. Qxc4 O-O 8.
e4 Bg4 9. Be3 Nfd7 10. Qb3 Nb6 11. Rd1 Nc6 12. d5 Ne5 13. Be2 Nxf3+ 14. gxf3
Bh5 15. Rg1 Qd7 16. Rg3 e6 $6 $146 {[%mdl 8] Dubious novelty in a well known
position, black pieces will be too disorganized to let the white knight to d5
square.} (16... c6) (16... f5) (16... Kh8) 17. a4 $1 (17. dxe6 Qxe6 18. Qxe6
fxe6 19. f4 Bxe2 20. Kxe2 $11) 17... Qe7 (17... exd5 18. a5 Nc8 (18... d4 19.
axb6 axb6 20. Nd5 (20. Bf4 c6 21. Na4 $18) 20... Qe6 21. Bg5 h6 22. Be7 c6 23.
Bxf8 Rxf8 $14) 19. Nxd5 $16) (17... a5 18. Bxb6 cxb6 19. Qxb6 $16) (17... Rab8
18. a5 Nc8 19. dxe6 Qxe6 20. Bc4 $16) (17... Be5 18. a5 Nc8 (18... Rac8) 19.
Bh6 Re8 20. Bb5 $18) 18. a5 Nd7 (18... Nc8 19. dxe6 Nd6 20. exf7+ Qxf7 21.
Qxf7+ Rxf7 22. Bd4 $16) 19. Qxb7 Be5 (19... Rfb8 20. Qxc7 Be5 21. d6 Qe8 22. f4
$18) 20. dxe6 (20. f4 Rfb8 21. Qc6 Bxc3+ 22. bxc3 Bxe2 23. Kxe2 Nf6 24. dxe6
Qxe6 25. Qxe6 fxe6 26. Kf3 $16) 20... fxe6 (20... Bxg3 21. hxg3 Nc5 22. exf7+
Kg7 23. Qd5 $18) (20... Qxe6 21. f4 Bxe2 22. Nxe2 $18) 21. Qc6 $1 {Black pawns
are weak and white comes with new threats.} Rad8 (21... Bxg3 $2 22. Rxd7 $18)
22. f4 Bxe2 (22... Bxc3+ 23. bxc3 Bxe2 24. Kxe2 $16) 23. Kxe2 (23. Nxe2 Bxb2
24. Bxa7 $16) 23... Bxf4 24. Bxf4 Rxf4 25. Qxc7 Rf7 26. Rgd3 a6 (26... Qf6 27.
Qxa7 Kg7 28. Qe3 $18) 27. R1d2 {The pin along the d file is deadly for the
defender, Nakamura can only dream about the counterplay.} Qe8 (27... Qf6 28.
Kd1 (28. Rxd7 $2 Qxf2+ 29. Kd1 Qxd2+ $3 30. Rxd2 Rxd2+ 31. Kxd2 Rxc7 $19) 28...
Qg5 29. b4 $18 (29. Rxd7 $2 Qxd2+ $3 $19)) 28. Qc6 Rc8 29. Qxa6 Ra8 30. Qc6 Rc8
31. Qa4 Rc7 (31... Ne5 32. Qxe8+ Rxe8 33. Rd8 $18) 32. a6 Qf8 (32... Ra7 33.
Qc6 $18) 33. Rxd7 Rxf2+ 34. Kd1 Qf3+ 35. Kc2 Qf4 36. a7 1-0

[Event "Altensteig"]
[Site "Altensteig"]
[Date "1991.??.??"]
[Round "2"]
[White "Van der Sterren, Paul"]
[Black "Smejkal, Jan"]
[Result "1/2-1/2"]
[WhiteElo "2485"]
[BlackElo "2555"]
[Annotator "Ftacnik,L"]
[PlyCount "68"]
[EventDate "1991.07.??"]
[EventType "tourn"]
[EventRounds "11"]
[EventCountry "GER"]
[EventCategory "11"]
[SourceTitle "CBM 025"]
[Source "ChessBase"]
[SourceDate "1991.12.01"]
[SourceVersion "1"]
[SourceVersionDate "1991.12.01"]
[SourceQuality "1"]

1. Nf3 Nf6 2. c4 g6 3. Nc3 d5 4. d4 Bg7 5. Qb3 dxc4 6. Qxc4 O-O 7. e4 Bg4 8.
Be3 Nfd7 9. Qb3 Nb6 10. Rd1 Nc6 11. d5 Ne5 12. Be2 Nxf3+ 13. gxf3 Bh5 14. Rg1
Qc8 15. Rg3 c6 16. dxc6 (16. a4) 16... bxc6 17. f4 Bxe2 18. Nxe2 c5 19. Qc2 (
19. h4 Qc6 20. Qc2 Rad8 21. Rxd8 Rxd8 22. h5 Kh8 $10 {Piket,Je-Hansen,Cu/Wijk/
1988/ ->CBM 05}) 19... Qa6 $1 20. Bxc5 Qxa2 21. Nd4 (21. Bxe7 Rfe8 22. Ba3 Nc4
$132) 21... Rfc8 22. Ra3 Qc4 23. Qxc4 (23. Rc3 Rxc5 $1 24. Rxc4 Rxc4 25. Qb3
Rxd4 $17) 23... Nxc4 24. Rxa7 Rxa7 25. Bxa7 Nxb2 26. Rd2 Na4 27. Rc2 Rxc2 28.
Nxc2 Nc3 29. f3 Nb5 30. Bc5 Kf8 31. Nb4 Ke8 32. Nd5 e6 33. Nb4 Kd7 34. Nd3 Nd4
{Ftacnik,L} 1/2-1/2

[Event "Tata Steel-A 74th"]
[Site "Wijk aan Zee"]
[Date "2012.01.17"]
[Round "4"]
[White "Aronian, Levon"]
[Black "Kamsky, Gata"]
[Result "1-0"]
[WhiteElo "2805"]
[BlackElo "2732"]
[Annotator "Krasenkow,M"]
[PlyCount "115"]
[EventDate "2012.01.14"]
[EventType "tourn"]
[EventRounds "13"]
[EventCountry "NED"]
[EventCategory "21"]
[SourceTitle "CBM 147"]
[Source "ChessBase"]
[SourceDate "2012.03.16"]
[SourceVersion "1"]
[SourceVersionDate "2012.03.16"]
[SourceQuality "1"]

1. Nf3 Nf6 2. c4 g6 3. Nc3 d5 4. cxd5 Nxd5 5. Qb3 Nb6 6. d4 Bg7 7. e4 O-O 8.
Be3 Bg4 9. Rd1 {An unusual move order has led to a classic D99 position.} e6
10. Be2 Nc6 11. Ng1 Bxe2 12. Ngxe2 Qe7 13. O-O Rfd8 14. e5 {This was played in
the famous game Beliavsky - Ftacnik (see CBM 113). See also the survey by GM L.
Ftacnik in Lexicon07.} (14. a3 {was common a while ago.}) 14... h6 (14... Qb4
15. Qc2 h6 16. Ne4 {- 14...h6} (16. a3 Qc4 17. Rc1 Nd5 18. Nxd5 Qxc2 19. Nf6+
Bxf6 20. Rxc2 Bg7 21. Rfc1 Rd7 22. g4 {1/2 Ponomariov,R (2744)-Vachier Lagrave,
M (2715)/Wijk aan Zee 2011/CBM 141})) (14... Na5 15. Qc2 Nac4 16. Ne4 (16. Bc1
$5 {[%csl Rc4] deserves serious attention}) 16... Nxe3 17. fxe3 Nd5 18. Rf3 f5
19. exf6 Nxf6 20. Nxf6+ Bxf6 21. Rdf1 Rf8 22. Qb3 c6 23. Nf4 Rae8 $11 {1/2
Petrie,D-Bonoldi,F/SEMI 1999/Telechess CBM 93 (28)}) 15. a3 {White probably
feared a novelty on the part of his opponent, therefore he avoids the main
road paved by GM A.Beliavsky:} (15. Ne4 Qb4 16. Qc2 Qc4 17. Qxc4 $1 (17. N2c3
$143 Nd5 18. Rd2 Ncb4 19. Qa4 Nb6 20. Qa3 N4d5 21. b3 Qb4 22. Qc1 Nxc3 23. Nxc3
Rac8 $11 {1/2 Babula,V (2585)-Ftacnik,L (2606)/Czechia 2006/EXT 2007 (27)})
17... Nxc4 18. Rc1 Nxb2 $6 (18... Nb6 $142 19. Nc5 $14) 19. Rb1 Nc4 20. Rxb7
Rdc8 21. Rc1 Nxe3 22. fxe3 $16 {1-0 Beliavsky,A (2622)-Ftacnik,L (2597)/Turin
2006/CBM 113/[Krasenkow] (46)}) 15... Na5 $146 (15... Qd7 16. Ne4 Qd5 17. Qc2
Qc4 18. N2c3 (18. Qxc4 $5 Nxc4 19. Rc1 Nxb2 20. Rb1 Nc4 21. Rxb7 Nxa3 22. Rc1
$36) 18... Nd5 19. b3 Qa6 20. Nc5 Qxa3 21. Nxb7 Ncb4 22. Qd2 Nxc3 23. Qxc3 Nd5
24. Qc6 Re8 $11 {1/2 Babula,V (2566)-Fogarasi,T (2442)/Austria 2004/EXT 2006 
(33)}) 16. Qc2 c5 {A surgical but unsuccessful attempt to solve the problems.}
17. dxc5 Nbc4 18. Bc1 Nxe5 $14 {White's queenside pawn advantage plays an
important role here.} 19. b4 Nac6 20. Ne4 {[%csl Gd6][%cal Ye4d6][%mdl 32]} a6
21. h3 {A bit too slow.} (21. Nd6 $5 b6 22. Bb2 bxc5 23. bxc5 Rab8 24. Ba1 Qc7
25. Qe4 $36) 21... f5 $6 (21... Rxd1 22. Rxd1 Rd8 {was a logical way to
simplify the position, with good chances to equalise. If now} 23. Nd6 {then}
Na7 $1 {[%cal Ya7c8]}) 22. Nd6 Nf7 23. Nc4 {[%csl Gc4] This knight, keeping an
eye on b6, d6, and e5, will be very strong but the exchange of rooks will
definitely help Black.} (23. Be3 $5 Nxd6 24. cxd6 Qf7 25. Bb6 Rd7 26. Nc3 $1
Be5 27. Bc5 $36 {[%cal Yc3a4]}) 23... e5 $6 {Black should have simplified the
game:} (23... Rxd1 $142 24. Rxd1 Rd8 {. After the text move White creates
pressure on Black's centre.}) 24. Rde1 Kh7 25. Bb2 Re8 26. Nd4 {Exchanging one
of Black's key pieces.} (26. Nf4 Rad8 27. Nb6 Nd4 {was less clear.}) 26... Nxd4
27. Bxd4 Rad8 28. Bb2 e4 $6 {Prompting an undermining f2-f3, after which
Black's e4-pawn will be weak. It was better to keep the tension:} (28... h5 {
. If} 29. f3 {[%cal Ye1e2,Yf1e1] then} Qh4 $132) 29. Bxg7 Kxg7 30. f3 Qf6 (
30... Ne5 31. fxe4 Nxc4 32. Qxc4 fxe4 33. Rf4 e3 34. Rf3 {[%cal Rc4c3] winning
the pawn.}) 31. fxe4 Qd4+ 32. Kh2 Rxe4 33. Rxe4 Qxe4 $6 {The endgame with this
weak pawn will be difficult for Black.} (33... fxe4 $142 34. Re1 Re8 35. Rd1
Qf6 $14) 34. Qxe4 fxe4 {[%mdl 4096] GM Levon Aronian now displays excellent
technique.} 35. Kg3 (35. Na5 $5 Rd7 36. Re1 Re7 37. Kg3 {was a good
alternative but there is no need for such niceties.}) 35... Rd4 (35... Rd3+ 36.
Kf4 Rc3 37. Na5 e3 38. Re1 $1 Rxa3 39. Rxe3 {- see below}) 36. Na5 g5 (36...
Rd3+ $5 37. Kf4 e3 38. Re1 (38. Ra1 $5) 38... Rxa3 39. Rxe3 Ra4 40. Rb3 {
doesn't guarantee Black a draw either.}) 37. Kf2 Rd3 (37... Rd2+ 38. Ke3 Rxg2 {
is hardly good. After} 39. Nxb7 Rg3+ 40. Kxe4 Rxa3 41. c6 {White's passed pawn
should decide the game.}) 38. Re1 (38. Nxb7 $5 Ne5 39. Ra1 {[%cal Yb7d6]})
38... Rxa3 39. Rxe4 Kf6 (39... Nd8 $5 {, aiming for a rook ending, was
probably a better chance:} 40. Re8 (40. Nxb7 Nc6 $132 {[%csl Rb4]}) (40. Re7+
Kf8 41. Rd7 Nc6 42. Nxc6 bxc6 43. Rd6 a5 44. bxa5 Rxa5 45. Rxc6 Kf7) 40... Nc6
41. Nxc6 bxc6 42. Rc8 a5 $1 (42... Rb3 43. Rc7+ $1 Kf8 (43... Kg8 44. Rxc6 Rxb4
45. Rxh6 a5 46. Rg6+ Kf7 47. Rxg5) 44. Rxc6 Rxb4 45. Rxa6 Rc4 46. Rxh6 Rxc5 47.
Rh7 {cutting off Black's king and then attacking the g5 pawn.}) 43. bxa5 Rxa5
44. Rxc6 Ra2+ 45. Kf3 Rc2 {, and Black should hold on.}) 40. Nxb7 Ne5 41. Rd4
Ke7 42. Nd6 Rb3 (42... Nc6 {is too late:} 43. Nf5+ $1 Kf6 44. Rd6+ Kxf5 45.
Rxc6 h5 46. Ke2 $1 {- White's king moves to the queenside, and he should win.})
43. Nc8+ (43. Nc4 $6 Nd3+ 44. Ke2 Nxb4) (43. Nf5+ $142 $1 Ke6 44. Nxh6 Rxb4 (
44... Rd3 45. Re4 $1 Kd5 46. Re3 Rd2+ (46... Rd4 47. Rg3 $1) 47. Kg3 Rd4 48.
Ng8 $1 Nc6 49. Ne7+ Nxe7 50. Rxe7 Rxb4 51. Ra7 Ra4 52. Rg7 {with a winning
rook endgame.}) 45. Rd6+ Ke7 46. Nf5+ Kf7 47. c6 $1 Rc4 (47... Rf4+ 48. Ke2
Re4+ 49. Kd2 $1) 48. Nd4 a5 (48... Nd3+ 49. Kg3 Nb4 50. Nf3 $1) 49. Ke3 a4 50.
Ke4 Ng6 51. Rd7+ Kf6 52. Ra7 {with good winning chances.}) 43... Kf7 44. Nd6+
Ke6 {Not giving White an opportunity to correct his inaccuracy:} (44... Ke7 45.
Nf5+ $1) {But White gets another possibility.} 45. Nc4 $1 Nd3+ $2 {After this
move Black is probably lost. White's c-pawn is the decisive factor despite all
the moves of Black's knight. Here, too, the rook endgame was Black's only
chance:} (45... Nxc4 46. Rxc4 Kd7 47. Rd4+ Kc7 48. Rd6 Kb7 $1 (48... Rxb4 49.
Rxa6 {must be hopeless.}) 49. Rb6+ Ka7 50. Rxh6 Rxb4 51. Rh7+ Kb8 52. Rg7 a5
53. Rxg5 a4 {, and it is unclear whether White can win.}) 46. Kg1 Nf4 (46...
Nxb4 47. c6) 47. Rd6+ Ke7 48. Ne5 Rb2 (48... Rb1+ 49. Kf2 Rb2+ 50. Kf3) 49.
Rxa6 Rxg2+ 50. Kf1 Rb2 51. Rxh6 Nd5 52. Rd6 Ne3+ (52... Nxb4 53. Rb6 $18) (
52... Nf4 53. Ng6+ Nxg6 54. Rxg6 Rxb4 55. Rxg5 $18 {_|_}) 53. Ke1 Nc2+ 54. Kd1
Nxb4 55. Rb6 {[%cal Gb6b2]} Kf8 56. Rb8+ Kg7 57. Nc4 Rb3 58. c6 1-0

[Event "Olympiad-37"]
[Site "Turin"]
[Date "2006.05.30"]
[Round "9"]
[White "Beliavsky, Alexander G"]
[Black "Ftacnik, Lubomir"]
[Result "1-0"]
[WhiteElo "2622"]
[BlackElo "2597"]
[Annotator "Krasenkow,M"]
[PlyCount "93"]
[EventDate "2006.05.21"]
[EventType "team-swiss"]
[EventRounds "13"]
[EventCountry "ITA"]
[SourceTitle "CBM 113"]
[Source "ChessBase"]
[SourceDate "2006.07.31"]
[SourceVersion "1"]
[SourceVersionDate "2006.07.31"]
[SourceQuality "1"]
[WhiteTeam "Slovenia"]
[BlackTeam "Slovakia"]
[WhiteTeamCountry "SLO"]
[BlackTeamCountry "SVK"]

1. d4 Nf6 2. c4 g6 3. Nc3 d5 4. Nf3 Bg7 5. Qb3 dxc4 6. Qxc4 O-O 7. e4 Bg4 8.
Be3 Nfd7 9. Qb3 Nb6 10. Rd1 e6 11. Be2 Nc6 12. Ng1 Bxe2 13. Ngxe2 Qe7 14. O-O
Rfd8 {This line was examined by GM L.Ftacnik in CBM89.} 15. e5 $5 {[%cal Cc6a5,
Ca5b3,Yc3e4] A relatively new plan in this position. White wants to "kill"
Black's g7 bishop and exploit the weakness of dark squares in his camp (g5,f6).
Meanwhile Black has no time to establish blockade on the d5 square.} (15. a3 {
is the main theoretical move.}) 15... h6 (15... Nb4 $6 16. Ne4 h6 17. Nc5) (
15... Na5 16. Qc2 Nac4 17. Ne4 (17. Bc1 $5 {[%csl Rc4] deserves serious
attention}) 17... Nxe3 18. fxe3 Nd5 19. Rf3 f5 20. exf6 Nxf6 21. Nxf6+ (21. Qc5
Qxc5 22. Nxc5 e5 $1) 21... Bxf6 22. Rdf1 Rf8 23. Qb3 c6 24. Nf4 Rae8 25. Nd3
Bg7 26. Rxf8+ Bxf8 27. Ne5 Qb4 28. Qc2 Bg7 29. Nd3 Qb5 {1/2-1/2 Petrie,
D-Bonoldi,F/SEMI 1999/Telechess CBM 93}) 16. Ne4 Qb4 (16... Nb4 $6 17. Nc5 {
[%csl Rb7]}) 17. Qc2 Qc4 18. Qxc4 $1 $146 {Improving on an earlier game by L.
Ftacnik:} (18. N2c3 Nd5 19. Rd2 Ncb4 20. Qa4 Nb6 21. Qa3 N4d5 {(the blockade
Black aims to)} 22. b3 Qb4 23. Qc1 Nxc3 24. Nxc3 Rac8 25. Rfd1 Nd5 26. Ne4 b6
27. Rc2 Qf8 28. Bd2 {1/2-1/2 Babula,V-Ftacnik,L/Czech Rep CZE 2006/The Week in
Chess 594}) 18... Nxc4 19. Rc1 Nxb2 $6 {After this Black's pawn structure is
destroyed "for nothing".} (19... Nb6 {(relatively best) is met by an annoying}
20. Nc5 {e.g.} Rdb8 (20... Rab8 21. Nxb7 Rxb7 22. Rxc6 Nd5 23. Nc3 Rxb2 24.
Nxd5 Rxd5 25. Rxc7 Rxa2 26. Rb1 $14) 21. Nxb7 Nxe5 22. Nc5 Nec4 23. Na6 Rb7 24.
b3 Nxe3 25. fxe3 Rc8 26. Nc5 Rbb8 27. Kf2 $14) 20. Rb1 Nc4 21. Rxb7 Rdc8 (21...
Rac8 22. Rc1 N4a5 23. Rb5 $16 {[%csl Ra5,Rc6]}) 22. Rc1 Nxe3 (22... N6a5 23.
Rb5 Rab8 24. Rc5 Rb2 25. Kf1 Rxa2 26. R1xc4 Nxc4 27. Rxc4 $16 {[%csl Rg7]}) 23.
fxe3 $16 {This structure change is generally very favorable for White in many
lines of the Gruenfeld. Besides, his rook is now on the 7th rank and Black's
c7 pawn is extremely weak, let alone his poor g7 bishop. The rest is a matter
of technique, which the outstanding GM playing White hardly lacks.} Ne7 24. Kf2
Nd5 25. Nf4 $1 {exchanging Black's only active piece (and a defender of his
position)} Rcb8 26. Rcb1 Rxb7 27. Rxb7 Nxf4 28. exf4 a5 29. Ke3 {White doesn't
hurry capturing the c7 pawn, which is doomed anyway. First he improves the
position of his king.} (29. Rxc7 Rb8) 29... c6 30. a4 Bf8 31. Kd3 Rd8 32. Kc4
Kg7 33. g4 {The principle of "two weaknesses" in action.} Ba3 34. h4 Kf8 35. h5
gxh5 36. gxh5 Kg7 (36... Kg8 37. Ra7 Bb4 38. Rc7) 37. f5 exf5 38. Ng3 f4 {
This passed pawn is not dangerous as it can't get any support.} 39. Nf5+ Kf8
40. Nxh6 Be7 41. Nf5 Bg5 42. Rb1 f3 43. h6 Ke8 44. h7 Kd7 45. Rb7+ Kc8 46. Nd6+
Rxd6 47. exd6 1-0